A merced de su gracia : propuestas de oración / André Louf

Bewaard in:
Bibliografische gegevens
Hoofdauteur: Louf, André (autor)
Formaat: Boek
Onderwerpen:
Tags: Voeg label toe
Geen labels, Wees de eerste die dit record labelt!

MARC

LEADER 00000nam^a2200000^u^4500
001 000553179
005 20250521000000.0
008 060220s1000^^^^^^^^^^^^r^^^^^000^0^spa^d
009 20260310131631.851
022 |a 8427709498 
035 |a FMI 000022971 
037 |a Acervo Xavier Clavigero 
096 |a 4.3/9/D 
100 |a Louf, André  |e (autor) 
245 1 0 |a A merced de su gracia : propuestas de oración / André Louf 
264 |a Madrid : Narcea, 1991 
300 |a 239 p 
336 |a texto  |b txt  |2 rdacontenido 
337 |a sin mediación  |b n  |2 rdamedio 
338 |a volumen  |b nc  |2 rdasoporte 
649 |a XX 
650 |a Oración 
910 |a Fondo Francisco Migoya Covarrubias S.J. 
920 |a Impresos - Libros 
930 |a Fondos Especiales 
905 |a 134 
901 |a SBC30413  |b IT2  |c ESP  |u 20250521 
902 |a https://opac.biblio.iteso.mx/vufind/Record/000553179